00947cam a22002531 4500001001300000003000400013005001700017008004100034010001700075035001900092040005000111042001200161050002700173082000800200110005300208245020400261260002400465300001700489490001200506490002300518651002500541810011000566999001700676sd 49000181 DLC20260227112735.0770222s1944 dcu f000 0 eng c asd 49000181  a(OCoLC)2756052 aU.S. Dept. of State. LibrarycMdBUdMdBUdDLC apremarc00aUB250b.U33 no. 2464.3 a3121 aUnited States.bForeign Economic Administration.00aBelgium: estimated total population as of January 1, 1944c[by] Foreign Economic Administration, Liberated Areas Branch in cooperation with Research and Analysis Branch, Office of Strategic Services. a[Washington]c1944. a4 p.c27 cm.0 aEIS-65B1 a[R & A no. 2464.3] 0aBelgiumxPopulation.1 aUnited States.bDepartment of State.bOffice of Intelligence Research and Analysis.tR & A ;vno. 2464.3. c89999d89999